Společně (spolu s Romy k multikulturní výchově ve školství) : setkání romské i neromské mládeže s pedagogy a přáteli v Brně 12.-14. dubna 1996

Bibliographic Details
Other Authors: Balvín, Jaroslav, 1947- (Compiler)
Format: Book
Language:Czech
PhysicalDescription:143, [4] s. 21 cm
Published: Ústí nad Labem Brno Hnutí R 1997
ISBN:8090214924 (brož.)
Subjects:

MARC

LEADER 00000cam a2200000 a 4500
001 vtls008287668
003 SK-MaSNL
005 20260302074114.0
008 050808s1997 xr f 000 0 cze
020 |a 8090214924 (brož.) 
035 |a SVKPOKN099147 
040 |a SNK  |b slo  |c SNK  |e AACR2 
041 0 |a cze  |b eng 
043 |a e-xr--- 
044 |a xr  |c CZ 
072 7 |a 37  |x Výchova a vzdelávanie  |2 konspekt 
080 |a 376  |2 2001 
080 |a 323.1  |2 2001 
080 |a (=214.58)  |2 2001 
080 |a (437.3)  |2 2001 
080 |a (082)  |2 2001 
245 0 0 |a Společně  |b (spolu s Romy k multikulturní výchově ve školství) : setkání romské i neromské mládeže s pedagogy a přáteli v Brně 12.-14. dubna 1996  |c Jaroslav Balvín a kolektiv 
260 |a Ústí nad Labem  |a Brno  |b Hnutí R  |c 1997 
300 |a 143, [4] s.  |c 21 cm 
546 |a Res. angl. 
650 0 7 |a Rómovia  |x výchova a vzdelávanie  |2 SNKPH  |9 24784 
650 0 7 |a rómske deti  |x výchova a vzdelávanie  |2 SNKPH  |9 739321 
650 0 7 |a rasizmus  |2 SNKPH  |9 4585 
651 7 |a Česko  |2 SNKPH  |9 16753 
655 7 |a zborníky  |2 SNKPH  |9 70165 
700 1 |a Balvín, Jaroslav,  |d 1947-  |4 com  |9 304123 
919 |a 80-902149-2-4 
999 |c 1163719  |d 1165649 
952 |a SNK  |b SNK  |y VYP  |7 0  |p 17A0631495  |o snkID 98545  |i snk2011/8243  |8 1  |0 0  |1 0  |4 0  |d 2011-04-08  |l 0  |r 2026-02-24 20:41:03  |w 2026-02-24